Villes de France comptant un club de sport professionel - Statistiques

Statistiques générales
  • Ce quiz a été pris 112 fois
  • Le résultat moyen est 137 sur 231
Statistiques - réponses
Compétition Villes % Correct
Betclic Elite Basket | Division 1 Handball (F) | Ligue 1 Football | +4 others Paris
99%
Ligue 1 Football | Première Ligue Football (F) | Top 14 Rugby Lyon
98%
Ligue 1 Football | Ligue Magnus Hockey sur Glace | Première Ligue Football (F) Marseille
98%
Ligue 1 Football | Seconde Ligue Football (F) Lille
96%
Ligue 1 Football | Ligue A Volleyball | Seconde Ligue Football (F) | +3 others Toulouse
96%
Ligue A Volleyball Tourcoing
96%
Ligue 1 Football | Ligue B Volleyball Rennes
93%
StarLigue Handball Cesson-Sévigné
92%
Division 1 Handball (F) | Ligue 1 Football | Ligue A Volleyball | +2 others Nice
92%
Wonderligue Basket (F) Lattes
91%
Ligue 2 Football | Ligue A Volleyball | Première Ligue Football (F) | +2 others Montpellier
91%
Betclic Elite Basket | Ligue 1 Football | Première Ligue Football (F) Strasbourg
91%
Division 1 Handball (F) Truchtersheim
91%
Ligue Magnus Hockey sur Glace | Top 14 Rugby Bordeaux
90%
Saforelle Power 6 Volley (F) Mérignac
90%
Elite 2 Basket | Ligue 1 Football | Première Ligue Football (F) | StarLigue Handball Nantes
90%
Division 1 Handball (F) | Ligue 1 Football Brest
89%
Division 1 Handball (F) | Ligue 1 Football | Seconde Ligue Football (F) Metz
88%
Ligue 2 Football | Première Ligue Football (F) Saint-Étienne
88%
Elite 2 Basket Hyères
87%
Betclic Elite Basket | Ligue 1 Football Monaco
87%
Ligue 1 Football | Première Ligue Football (F) Lens
86%
Division 1 Handball (F) | Top 14 Rugby Toulon
85%
Ligue 2 Football | Ligue B Volleyball | Seconde Ligue Football (F) Reims
82%
Proligue Handball Billère
80%
Saforelle Power 6 Volley (F) Chamalières
80%
Top 14 Rugby Clermont
80%
Ligue 2 Football Clermont-Ferrand
80%
Ligue 1 Football Lorient
80%
Elite 2 Basket | Ligue 2 Football | Top 14 Rugby Pau
80%
Division 1 Handball (F) | Ligue 1 Football | Première Ligue Football (F) Le Havre
79%
Ligue 1 Football | Seconde Ligue Football (F) Auxerre
78%
Betclic Elite Basket | Division 1 Handball (F) | Première Ligue Football (F) | StarLigue Handball Dijon
77%
Ligue 2 Football | Ligue Magnus Hockey sur Glace | Pro D2 Rugby | Seconde Ligue Football (F) Grenoble
77%
Wonderligue Basket (F) La Roche-sur-Yon
77%
Ligue 1 Football | Ligue Magnus Hockey sur Glace | Proligue Handball | Wonderligue Basket (F) Angers
76%
Elite 2 Basket | Proligue Handball Caen
76%
Betclic Elite Basket | Ligue 2 Football | Ligue B Volleyball Nancy
76%
Saforelle Power 6 Volley (F) Vandoeuvre-les-Nancy
76%
Elite 2 Basket Orléans
75%
Pro D2 Rugby | Proligue Handball Valence
75%
Ligue 2 Football | Ligue Magnus Hockey sur Glace Amiens
74%
Ligue 2 Football Bastia
73%
Top 14 Rugby Perpignan
73%
Pro D2 Rugby Biarritz
71%
Division 1 Handball (F) Chambray-les-Tours
71%
Ligue 2 Football | StarLigue Handball Dunkerque
71%
StarLigue Handball Nîmes
71%
Elite 2 Basket | Ligue Magnus Hockey sur Glace Rouen
71%
Ligue A Volleyball Tours
71%
Ligue A Volleyball Ajaccio
70%
Top 14 Rugby Bayonne
70%
Elite 2 Basket | Top 14 Rugby La Rochelle
70%
Ligue 2 Football Troyes
67%
Ligue 2 Football Annecy
66%
Ligue 2 Football | Seconde Ligue Football (F) Guingamp
65%
Betclic Elite Basket | StarLigue Handball Limoges
65%
Betclic Elite Basket | Ligue 2 Football | Seconde Ligue Football (F) Le Mans
64%
Pro D2 Rugby Vannes
63%
Betclic Elite Basket Bourg-en-Bresse
60%
Top 14 Rugby Castres
59%
Saforelle Power 6 Volley (F) Mulhouse
57%
Pro D2 Rugby Carcassonne
56%
Ligue 2 Football | Seconde Ligue Football (F) Rodez
56%
Ligue A Volleyball | Saforelle Power 6 Volley (F) Cannes
55%
Top 14 Rugby Montauban
55%
Betclic Elite Basket | Wonderligue Basket (F) Villeurbanne
55%
Elite 2 Basket | Ligue A Volleyball Poitiers
54%
Top 14 Rugby Colombes
53%
Ligue 2 Football Laval
53%
Division 1 Handball (F) | Proligue Handball Besançon
52%
Ligue 2 Football Boulogne-sur-Mer
52%
Wonderligue Basket (F) Bourges
49%
Pro D2 Rugby | Wonderligue Basket (F) Mont-de-Marsan
49%
StarLigue Handball Chambéry
48%
Ligue A Volleyball Narbonne
48%
Pro D2 Rugby | StarLigue Handball Aix-en-Provence
47%
Betclic Elite Basket Nanterre
47%
Pro D2 Rugby | Saforelle Power 6 Volley (F) Béziers
45%
Elite 2 Basket Quimper
45%
Pro D2 Rugby Angoulême
44%
Elite 2 Basket Blois
44%
Pro D2 Rugby Nevers
44%
Pro D2 Rugby Agen
43%
Pro D2 Rugby Dax
42%
Pro D2 Rugby Oyonnax
42%
Proligue Handball Cherbourg
41%
Betclic Elite Basket Cholet
41%
Pro D2 Rugby Aurillac
40%
Ligue Magnus Hockey sur Glace Gap
38%
Elite 2 Basket Châlons-en-Champagne
37%
StarLigue Handball | Wonderligue Basket (F) Chartres
37%
Ligue A Volleyball Sète
37%
StarLigue Handball Istres
35%
Ligue B Volleyball Martigues
34%
Seconde Ligue Football (F) Evian
33%
Ligue B Volleyball Fréjus
33%
StarLigue Handball Saint-Raphaël
33%
Elite 2 Basket Antibes
32%
Wonderligue Basket (F) Charleville-Mézières
32%
Elite 2 Basket | Saforelle Power 6 Volley (F) Évreux
32%
Elite 2 Basket Roanne
32%
Ligue A Volleyball Saint-Nazaire
32%
Elite 2 Basket Vichy
32%
Pro D2 Rugby Colomiers
31%
Seconde Ligue Football (F) Saint-Malo
31%
Proligue Handball Créteil
29%
Betclic Elite Basket | Ligue B Volleyball Saint-Quentin
29%
Wonderligue Basket (F) Charnay
27%
Ligue 2 Football Saint-Ouen
27%
Ligue Magnus Hockey sur Glace Briançon
24%
Pro D2 Rugby Brive-la-Gaillarde
24%
Ligue A Volleyball Chaumont
24%
Ligue Magnus Hockey sur Glace Cergy-Pontoise
23%
Ligue Magnus Hockey sur Glace Chamonix-Mont-Blanc
22%
Première Ligue Football (F) Fleury-Mérogis
21%
Proligue Handball Ivry-sur-Seine
20%
Saforelle Power 6 Volley (F) Levallois-Perret
19%
Betclic Elite Basket | Ligue B Volleyball Chalon-sur-Saône
18%
Betclic Elite Basket Gravelines
18%
Betclic Elite Basket Le Portel
18%
Wonderligue Basket (F) Villeneuve d'Ascq
18%
Proligue Handball Saintes
16%
Ligue Magnus Hockey sur Glace Anglet
14%
Elite 2 Basket Gries
14%
StarLigue Handball Sélestat
14%
Elite 2 Basket Aix-les-Bains
13%
Betclic Elite Basket Boulazac
13%
Proligue Handball Massy
13%
Division 1 Handball (F) Maubeuge
11%
Saforelle Power 6 Volley (F) Saint-Dié-des-Vosges
11%
Ligue B Volleyball Cambrai
9%
Saforelle Power 6 Volley (F) Le Cannet
9%
Elite 2 Basket Saint-Chamond
9%
Proligue Handball Frontignan
8%
Ligue B Volleyball Royan
8%
StarLigue Handball Tremblay-en-France
8%
Proligue Handball Cournon-d'Auvergne
5%
Elite 2 Basket Denain
5%
Ligue A Volleyball Le Plessis-Robinson
5%
Division 1 Handball (F) Saint-Maur-des-Fossés
5%
Elite 2 Basket Challans
4%
Wonderligue Basket (F) Landerneau
4%
Proligue Handball Saran
4%
Proligue Handball Sarrebourg
4%
Proligue Handball Pontault-Combault
3%
Saforelle Power 6 Volley (F) Terville
2%
Saforelle Power 6 Volley (F) Marcq-en-Baroeul
1%
Division 1 Handball (F) Saint-Amand-les-Eaux
1%
Division 1 Handball (F) Plan-de-Cuques
0%
Ligue B Volleyball Saint-Jean d'Illac
0%
Aucun quiz correspondant
Distribution des résultats
% des personnes avec chaque résultat
Percentile par nombre de réponses
Votre historique - résultats
Vous n’avez pas pris ce quiz